| 000 | 00334nam a2200121Ia 4500 | ||
|---|---|---|---|
| 008 | 220204s9999 xx 000 0 und d | ||
| 082 |
_a658.27 _bMAN |
||
| 245 | 0 | _aManufacturing management: Logistics, materials inventory | |
| 260 |
_aUSA _bHarward College _c1964 |
||
| 650 | _aLogistics | ||
| 650 | _aMaterials management | ||
| 942 | _cBK | ||
| 999 |
_c39224 _d39224 |
||